MDQL
is popping MORE tags! Check the
thread
!
Quizzes
Events
Quiz Creation
Community
Videos
Private Events
Remove Ads
Sign In
Join for FREE
Feedback
Dark Mode
Quiz Categories
Sports
Geography
Music
Movies
Television
Just For Fun
Miscellaneous
History
Literature
Language
Science
Gaming
Entertainment
Religion
Holiday
For Kids
Quiz Lab
Recent
Popular Today
Quiz Kudos Today
Editor Picks
Curator Picks
Quizzes by...
Day
Popularity
Type
Ratings
Length
Year
Community
Subscriptions
Recent Discussions
Orange Saloon
Badges
Playlists
Quests
Create
Leaderboards
Showdown
Live 5
Trivia Bingo
Activity
Puzzle Library
Sporcle Events
Private Events
Virtual Trivia
Globe League
Become a Host
Pub Owners
SporcleCon
Opinionation
Our Games
Videos
Blog
Mobile Apps
Partnerships
Remove Ads and Go Orange
Feedback
Entertainment
Celebrity
Famous
Musical
Broadway
Show
Quote
Comic Books
Anime
Superhero
DC Comics
Marvel
Cartoons
Animation
Entertainment
Celebrity
Famous
Musical
Broadway
Show
Quote
Comic Books
Anime
Superhero
DC Comics
Marvel
Cartoons
Animation
Random Quiz
Search Sporcle
×
Quiz Lab
Quiz Lab
Entertainment
Song
Type in answers that appear in a list
Type in answers that appear in a list
Classic
Best Score? Go Orange.
Ultimate Showdown of Ultimate Destiny Stats
Can you name the People mentioned and seen in 'Ultimate Showdown of Ultimate Destiny'?
By
BrianZane
10m
55 Questions
702 Plays
702 Plays
702 Plays
Comments
Comments
Give Quiz Kudos
Give Quiz Kudos
-
- Ratings
hide this ad
Replay
Link that replays current quiz
Next Quiz
Link to next quiz in quiz playlist
You Got
0%
They Got
Avg Score
52%
Avg Friend Score
Upgrade to see
Score Distribution
Jump to the score distribution portion of the page
Score
0/55
Timer
10:00
0
Plays Today
Song Section
Character
% Correct
First Verse
Godzilla
97%
First Verse
Batman
96.9%
First Verse
Shaquille O'Neal
93%
Bridge & Third Verse
Chuck Norris
89%
First Verse
Abraham Lincoln
88.3%
First Verse
Optimus Prime
86.9%
Second Verse
Indiana Jones
84.7%
Bridge & Third Verse
'Every single Power Ranger'
83.5%
Ultimate Victor
Mr. Rogers
82.2%
Bridge & Third Verse
Gandalf the Grey
80.6%
Bridge & Third Verse
Gandalf the White
80.6%
Second Verse
Jackie Chan
79.7%
First Verse
Aaron Carter
79.5%
Bridge & Third Verse
Hulk Hogan
78.5%
Bridge & Third Verse
Black Knight
78.3%
Bridge & Third Verse
Superman
76.7%
Second Verse
Care Bear
75.6%
Bridge & Third Verse
The Rock
75.2%
Bridge & Third Verse
The Blue Meanie
75%
Bridge & Third Verse
Mr. Spock
75%
Bridge & Third Verse
Terminator
74.3%
Bridge & Third Verse
Darth Vader
74.3%
Bridge & Third Verse
RoboCop
73%
Bridge & Third Verse
Dr. Octopus
69.3%
Bridge & Third Verse
Theodore Logan
68.9%
Bridge & Third Verse
Cowboy Curtis
68.6%
Bridge & Third Verse
Benito Mussolini
67.5%
Bridge & Third Verse
Captain Kirk
66.5%
Song Section
Character
% Correct
Bridge & Third Verse
Bill S. Preston
66.2%
Bridge & Third Verse
Lo-Pan
62.9%
Second Chorus
Mario
60.3%
Second Chorus
Sonic the Hedgehog
59.6%
Bridge & Third Verse
Jambi the Genie
58.2%
Second Chorus
R2-D2
40.8%
Second Chorus
Santa Claus
38.7%
Second Chorus
C-3PO
37.8%
Second Chorus
Goku
32%
Second Chorus
Neville Flynn
29.7%
Second Chorus
Jawa
25.5%
Closing
Pac-Man
22.3%
Second Chorus
DeLorean
19.8%
Closing
Han Solo
14.3%
Second Chorus
Tobias Funke
13%
First Chorus
Dudley Do-Right
10.3%
Closing
Freddy Krueger
10.3%
First Chorus
Snidely Whiplash
9.8%
Closing
Jason Voorhees
9.6%
Closing
Harry Potter
9.1%
Second Chorus
Eric Bauman
8.6%
Closing
The Alien
7%
Closing
Alien Hominid
7%
Second Chorus
Lowtax
6.6%
Closing
Captain Hook
5.8%
Closing
The Invisible Man
3%
Second Chorus
Judohobo
2.3%
Quiz Playlist
Details
Report
Send in Message
Add To Playlist
Classic:
Type in answers that appear in a list
Quiz Source
Last Updated: Feb 16, 2017
Quiz Scoreboard
CHALLENGE
Sign Up to Join the Scoreboard
Show All
Scores
Hide
Comments
May contain spoilers
Recently Published
Colored Red Africa Blitz
by spor1
Geography
30s
Find the 'City' Movie
by crazypaving
Movies
60s
5x2 Blitz: Bands
by SL_Kpop136
Music
30s
More to Explore
Quiz From the Vault
Featured Blog Post
14 Easter Pick-up Lines to Find Eggs With
hide this ad
You Might Also Like...
Tags
Song Quiz
Character
Destiny
mentions
section
seen
Showdown
ultimate
Ultimate Destiny
Today's Top Quizzes in Entertainment
Browse Entertainment
hide this ad
Today's Top Quizzes in Song
Browse Song
Top Contributed Quizzes in Entertainment
1
Dragon Ball Z: Goku's Fights in Order
2
Celebrity Spelling Bee
3
Fairy Tail 12-1
4
Marvel Characters Bunker
5
X-Men: 10 to 1
6
'Dear Evan Hansen' Start to Finish
7
Click the 'C' Cartoon Characters II
8
Homestuck Ship Identification (Part 1)
9
How well do you know BTS?
10
Obscure Knowledge - 7 Dirty Words
Explore More
Trending Topics
Disney
NBA
Harry Potter
Marvel
Kpop
Anime
Crossword
WWE
Pokémon
The Office
NFL
Country
Puzzle
Song
Soccer
hide this ad
More By:
BrianZane
Quiz
Plays
Rating
Category
Featured
Created
WWE's Top 50 Superstars of All Time
172,431
3.67
Sports
Nov 14, 2010
WWE Hulk Hogan's PPV Opponents
105,399
4.31
Sports
Nov 4, 2009
Two-Time Best Actor Oscar Winners
34,736
4.29
Movies
Feb 25, 2011
Shortest WWE Championship Reigns
16,222
4.33
Sports
Nov 1, 2009
WCW/ECW/WWF Alliance
15,502
4.03
Sports
Oct 8, 2009
Go to Creator's Profile
Score Distribution
Quiz Creator Spotlight
BrianZane
Follow
Send a Message
Quizzes Created
-
Created Quiz Play Count
-
More By This Creator
Popular Quizzes Today
1
5x2 Blitz: Bands
2
Find the 'City' Movie
3
Colored Red Africa Blitz
4
Find the US States - No Outlines Minefield
5
The Countries of the World
6
Find the US States
7
9x9 Crossword: Cartoon Network
8
US States
More Entertainment Quizzes
Broadway Opening Lines
Published
Trending Quizzes
Colored Red Africa Blitz II
Colored Red Europe Blitz I
Christmas Pick: Judaism
Colored Red Africa Blitz III
Colored Red Europe Blitz II
Recently Updated
Champions League XIs: Real Madrid
pecheneg
Largest US Cities 1790-2010
pecheneg
Rides in Walt Disney World
pecheneg
Most Oscar Losses (Acting)
pecheneg
Beyoncé Albums
pecheneg
Leaping Animals
pecheneg
Reality TV Shows (A-Z)
bhenderson79
Rickey Henderson's Hall of Fame Teammates
pecheneg
Champions League XIs: Arsenal
pecheneg
Quick Pick: Celebrities in WWE's Hall of Fame
aduchscher
Trending Topics
Disney
Kpop
Harry Potter
Anime
Marvel
NBA
Crossword
NFL
WWE
Song
Soccer
Puzzle
Pokémon
The Office
Country
Your Account Isn't Verified!
In order to create a playlist on Sporcle, you need to verify the email address you used during registration. Go to your
Sporcle Settings
to finish the process.
Report this User
Report this user for behavior that violates our
Community Guidelines
.
Details:
Send Report
Go to the Sporcle.com Mobile Site →
Comments